عرض عادي
عرض مارك
- Nurse practitioners
مدخل مصطلح موضوعي
001 - رقم الضبط
- حقل الضبط: 38313
003 - معرف رقم الضبط
- حقل الضبط: OSt
005 - تاريخ ووقت أخر عملية
- حقل الضبط: 20131026172938.0
008 - عناصر بيانات ثابتة الطول
- حقل تحكم ثابت الطول: 131026|||a|||||| | ||| d
040 ## - مصدر الفهرسة
- هيئة الفهرسة الأصلية: OSt
- وكالة الكتابة: OSt
150 ## - مدخل-- مصطلح تاريخي
- عنصر مدخل المصطلح الموضوعي او الاسم الجغرافي: Nurse practitioners
- تفريع شكلي: Handbooks, manuals, etc.
670 ## - بيانات المصدر موجوده
- الاستشهاد بالمصدر: Work cat.: (OSt)0: Campo, Theresa M. 38312, Essential procedures for practitioners in emergency, urgent, and primary care settings /, c2011.
